Merceología, productos inorgánicos. primer curso /

Guardado en:
Autor Principal: Giménez, Pedro R.
Formato: Libro
Publicado: Argentina : Ciordia & Rodr¡guez, 1958
Edición:9
Materias:
Etiquetas: Agregar Etiqueta
Sin Etiquetas, Sea el primero en etiquetar este registro!
LEADER 00658nam a22001935a 4500
001 CEM.cems002907
005 19000101000000.0
008 130507s1958##################000#0#####d
003 CEMS
082 0 4 |a 660.1 
100 1 |a Giménez, Pedro R. 
245 1 0 |a Merceología, productos inorgánicos. primer curso /  |c Pedro R. Giménez 
250 |a 9 
260 |a Argentina :  |b Ciordia & Rodr¡guez,  |c 1958 
300 |a 264 p. 
653 |a Merceologia 
859 |a CEMS  |b BIB. CEMS - 11 de abril  |h 660.1  |i G429a9/I  |p 3644.75  |t Ej.1 
859 |a CEMS  |b BIB. CEMS - 11 de abril  |h 660.1  |i G429a9/I  |p 3702.75  |t Ej.2 
859 |a CEMS  |b BIB. CEMS - 11 de abril  |h 660.1  |i G429a9/I  |p 3703.75  |t Ej.3